Vainqueurs du tournoi ATP de Montpellier - Statistiques

Statistiques générales
  • Ce quiz a été pris 26 fois
  • Le résultat moyen est 10 sur 14
Statistiques - réponses
Année Vainqueur % Correct
2010 Tsonga
95%
2019 Tsonga
95%
2013 Gasquet
91%
2015 Gasquet
91%
2016 Gasquet
91%
2014 Monfils
86%
2020 Monfils
86%
2023 Sinner
68%
2022 Bublik
64%
2024 Bublik
64%
2017 Zverev
59%
2018 Pouille
41%
2012 Berdych
36%
2021 Goffin
36%
Aucun quiz correspondant
Distribution des résultats
% des personnes avec chaque résultat
Percentile par nombre de réponses
Votre historique - résultats
Vous n’avez pas pris ce quiz